Word Ladder: Displays of Affection Quiz Stats

Quiz Updated Nov 5, 2014

Challenge
Share
Tweet
Embed
Score 0/14 Timer 02:00
0 Plays Today
Clue 4-Letter Word % Correct
♥ Costing no money ♥♥ FREE ♥
98.9%
Not fastSLOW
97.7%
Escape quicklyFLEE
94.4%
Extremely bigHUGE
93.9%
♥ Embraces ♥♥ HUGS ♥
92.9%
Place for a coinSLOT
92.8%
Chimney residueSOOT
92.6%
Clue 4-Letter Word % Correct
Arrange in orderSORT
89.1%
Winter Olympic sportLUGE
89%
Painful or achySORE
88.6%
Attract a fishLURE
87.5%
Traditional knowledgeLORE
84.7%
Move at a steady paceFLOW
83.5%
A sheet of floating iceFLOE
81.7%

Today's Daily Dose

Missing Word
1998 A-Z Movies

Word Ladder
5 Vowel Sounds

Quick Pick
Legal Terms

On This Day
June 25th II

You're not logged in!

Compare scores with friends on all Sporcle quizzes.
Join for Free
OR
Log In

You Might Also Like...

Show Comments

Extras

Top Quizzes Today


Score Distribution

Your Account Isn't Verified!

In order to create a playlist on Sporcle, you need to verify the email address you used during registration. Go to your Sporcle Settings to finish the process.

Report this User

Report this user for behavior that violates our Community Guidelines.

Details: